El Sol.

Guardado en:
Formato: Deslizar
Series:La NASA presenta
Materias:
SOL
Etiquetas: Agregar Etiqueta
Sin Etiquetas, Sea el primero en etiquetar este registro!
LEADER 00850ngm a22002535g 4500
001 CEM.cems021597
008 130507b1992##################0###0#####d
005 20240829170751.0
245 0 0 |a El Sol. 
300 |a 28 
490 0 |a La NASA presenta 
500 |a En soporte VHS, consultar en ventanilla. 
505 0 |a Temperatura y presión solares. Las concepciones históricas del sistema solar. Estudio de las atmósferas solar y terrestre. Emisión de energía. 
538 |a Soporte: VHS - Norma: Pal N - Color - Grabación DRD 1992 - Hitachi=1476 
082 5 2 |/ NAS-1 
653 |a ASTRONOMIA 
653 |a SOL 
653 |a PLANETAS 
653 |a ENERGIA SOLAR 
653 |a ENERGIA 
653 |a SISTEMA SOLAR 
653 |a ATMOSFERA 
653 |a NIVEL SECUNDARIO 
859 |a CEMS  |b BIB. CEMS - Depto. Recursos Didacticos  |h 520  |i NAS-1  |k DRD  |p 240.12  |t Ej.1